000 01025nam a2200289Ia 4500
008 160319s9999 xx 000 0 und d
245 _aPearl Harbor :
245 _bdeath of Arizona. Vietnam Pow : stories of survival /
245 _cDiscovery Channel.
260 _aUnited States of America :
260 _bDiscovery Communications, LLC,
260 _c2011
300 _a1 DVD-video (approximately 53 min.) :
300 _bdigital, sound, color, with black and white sequences ;
300 _c4 3/4 in.
500 _a"Previous copyright date: ©1998"--Container.
650 _aArizona (Battleship) --
650 _aKorean War, -- 1950-1953 --
650 _aKorean War, -- 1950-1953 --
650 _aPearl Harbor (Hawaii), Attack on, 1941.
650 _aWorld War, -- 1939-1945.
650 _xHistory.
650 _xPersonal narratives, American.
650 _xPersonal narratives, Korean.
700 _aLeonard, Brian., Author.
700 _aQuattrone Kingstscene Productions., Corporate.
999 _c292453
_d292453